| 000 | 00468nam a22001817a 4500 | ||
|---|---|---|---|
| 003 | OSt | ||
| 008 | 220718b |||||||| |||| 00| 0 eng d | ||
| 020 | _a9788170088837 | ||
| 082 |
_a624.151 7 _bBB 640 |
||
| 100 | _aPUNMIA, B C | ||
| 245 | _aSURVEYING V.II | ||
| 260 |
_a;BENGALURU _b:LAXMI PUBLICATIONS (P) LTD. _c,2019 |
||
| 300 |
_aXVII + 621 _bIMAGES |
||
| 650 |
_aSURVEYING _95230 |
||
| 700 |
_aJAIN,ASHOK. K _9463 |
||
| 700 |
_aJAIN, ARUN. K _9570 |
||
| 942 | _cBK | ||
| 999 |
_c17532 _d17532 |
||